European environmental yearbook
Αποθηκεύτηκε σε:
| Κύριος συγγραφέας: | |
|---|---|
| Μορφή: | Βιβλίο |
| Γλώσσα: | English |
| Δημοσίευση: |
London :
DocTer,
1990
|
| Έκδοση: | [2nd ed.] |
| Θέματα: | |
| Ετικέτες: |
Προσθήκη ετικέτας
Δεν υπάρχουν, Καταχωρήστε ετικέτα πρώτοι!
|
MARC
| LEADER | 00000nam a2200000 i 4500 | ||
|---|---|---|---|
| 001 | 1/11414 | ||
| 008 | 971006s1990 eng d | ||
| 035 | |1 ΠΑΡ |a 1997 |l 10018244 | ||
| 040 | |a GR-MY-UA |b gre |e aacr | ||
| 041 | 0 | |a eng | |
| 082 | 0 | |a 363.70094 | |
| 100 | 1 | |a Cutrera, Achille. | |
| 245 | 1 | 0 | |a European environmental yearbook / |c Achille Cutrera |
| 250 | |a [2nd ed.] | ||
| 260 | |a London : |b DocTer, |c 1990 | ||
| 300 | |a xxii, 897 σ.; |b χάρτες; |c 28 εκ. | ||
| 650 | 0 | 0 | |a Environmental protection |z Europe. |
| 852 | |a INST |b LESVOS |e 19971006 |h 363.70094 CUT |p 005100015594 |q 005100015594 |t REF |y 23 | ||
| 909 | |a Λ |b 023391 | ||